00349nam a2200133 a 4500008004100000020001500041050001800056100001600074245002100090246003600111260004200147350000900189700001700198120416s0000 ||||||||||||||||| || u a0521385938 aPN 1998.3 Ren aVolk, Carol10aRenoir on Renoir ainterviews, essays, and remarks aCambridgebThe University Pressc1989 a0.00 aRenoir, Jean